Descontaminación de las Bases Militares acantonadas en Panamá /

Αποθηκεύτηκε σε:
Λεπτομέρειες βιβλιογραφικής εγγραφής
Κύριος συγγραφέας: González Rodríguez, Jacinto
Μορφή: Κείμενο
Θέματα:
Ετικέτες: Προσθήκη ετικέτας
Δεν υπάρχουν, Καταχωρήστε ετικέτα πρώτοι!

MARC

LEADER 00000 a a2200000 04500
001 2347
003
040
100 |a González Rodríguez, Jacinto  
245 |a Descontaminación de las Bases Militares acantonadas en Panamá /  |c Jacinto González Rodríguez 
650 |a MILITARISMO  
650 |a ACTIVIDAD MILITAR  
650 |a FUERZAS ARMADAS  
650 |a GUERRA  
650 |a IMPERIALISMO  
650 |a PAZ  
650 |a CONTAMINACION  
773 |g volumen 18, número 1; páginas 26-28  
999 |c 33853  |d 33853